Witamy w Bibliotece Naukowej Instytutu Łączności!

Leitfaden der Impulstechnik : (Rekord nr 3741)

000 -LEADER
fixed length control field 00448 a2200109 4500
020 ## - INTERNATIONAL STANDARD BOOK NUMBER
International Standard Book Number 3772356710
100 1# - MAIN ENTRY--PERSONAL NAME
Personal name Bernhard, Heinrich.
Relator term Autor
245 0# - TITLE STATEMENT
Title Leitfaden der Impulstechnik :
Remainder of title 100 Grundschaltungen und elektronische Impulsmesstechnik (Elektronenstrahl-Oszilloskop) fuer alle Elektronik-Berufe /
Statement of responsibility, etc Bernhard Heinrich.
260 ## - PUBLICATION, DISTRIBUTION, ETC. (IMPRINT)
Place of publication, distribution, etc Muenchen :
Name of publisher, distributor, etc Franzis-Verlag,
Date of publication, distribution, etc 1973.
300 ## - PHYSICAL DESCRIPTION
Extent 255 s.;
Dimensions 25 cm.
710 2# - ADDED ENTRY--CORPORATE NAME
Corporate name or jurisdiction name as entry element Franzis-Verlag.
Relator term Wydawca
Relator code pbl
920 ## -
-- 3-7723-5671-0
Egzemplarze
Withdrawn status Lost status Source of classification or shelving scheme Damaged status Not for loan Permanent Location Current Location Shelving location Date acquired Cost, normal purchase price Inventory number Full call number Barcode Date last seen Price effective from Koha item type
          Instytut Łączności Instytut Łączności Magazyn 1978-12-06 0.00 31711 31711 31711 2022-08-01 2017-11-30 Książki

Działa dzięki Koha